| 000 | 01009cam a22003017a 4500 | ||
|---|---|---|---|
| 003 | CHAP | ||
| 005 | 20220329132957.0 | ||
| 008 | 971013s1990 r 00010 d | ||
| 010 | _a863 | ||
| 011 | _a1835 | ||
| 035 | _a1012 | ||
| 040 | _cCHAP | ||
| 090 | _aTesis | ||
| 100 | 0 | 0 |
_aTrejo Martínez, Marco Antonio. _9114760 |
| 245 | 0 | _aAplicación de la regresión múltiple para caracterizar el consumo de fresa (Fragaria vesca) en México | |
| 260 |
_aChapingo, Méx. : _bEl autor, _c1990 |
||
| 300 |
_a124 h. _b; gráfs. |
||
| 502 | _aTesis (Ing. Agroindustrial) -- UACH. Departamento de Ingeniería Agroindustrial | ||
| 590 |
_aALEPH _b10 _c20130110 _lUCH01 _h1206 |
||
| 590 |
_aBATCH-UPD _b10 _c20130110 _lUCH01 _h1812 |
||
| 590 |
_aBATCH-UPD _b10 _c20130410 _lUCH01 _h1147 |
||
| 590 |
_aBATCH-UPD _b10 _c20130914 _lUCH01 _h1436 |
||
| 590 |
_aCONVERSION _b10 _c20130109 _lUCH01 _h1302 |
||
| 650 | 1 | 4 |
_aFresa _xMercadeo. _943221 |
| 901 | _aBK | ||
| 942 | _cTESIS | ||
| 949 |
_bBC _cTES _d-10473 _eTS1 _h23080 _i1012 _si |
||
| 999 |
_c863 _d863 |
||